00601 2200205 4500001002100000008004100021035002000062245009300082100001500175700001300190260003300203300003200236020002200268084001600290520002600306082001000332650003100342990001100373990001100384INLIS000000000014747 ind  a0010-1022000065 aKendaraan Bawel? Nggak Perlu ke BengkelcAli Akbar, Eko Priyo Utomo; penyunting, Yudi P. aALI, Akbar aYUDI, P. aYogyakarta :bFamilia,c2021 axii, 193 hal.: ilus.c19 cm a978-602-60697-4-0 a629.2 ALI k aBibliografi : hal.193 a629.2 aKENDARAAN. PERAWATAN MOBIL a9587 a a9587 b